[Event "TCh-FRA Top 16 GpB 2023"]
[Site "Chartres FRA"]
[Date "2023.06.04"]
[Round "4.4"]
[Board "8"]
[White "Navrotescu, Andreea"]
[Black "Guichard, Pauline"]
[Result "0-1"]
[WhiteTitle "WGM"]
[BlackTitle "IM"]
[WhiteElo "2194"]
[BlackElo "2395"]
[WhiteTeam "Mulhouse Philidor"]
[BlackTeam "Asnieres Le Grand Echiquier"]
[WhiteFideId "675946"]
[BlackFideId "639370"]
[EventDate "2023.06.01"]

1. d4 Nf6 2. c4 e6 3. Nf3 d5 4. Nc3 dxc4 5. e4 b5 6. e5 Nd5 7. Nxb5 Nb6 8. Be2
Be7 9. O-O Nc6 10. Be3 O-O 11. Qc1 Bb7 12. Rd1 Nb4 13. Nc3 N4d5 14. Nxd5 Qxd5
15. Bf1 a5 16. Nd2 Ba6 17. Qc2 a4 18. Be2 Rab8 19. Ne4 Bb7 20. Bf3 Qa5 21. Bd2
Qb5 22. Nc3 Qd7 23. Be4 h6 24. Be3 Nd5 25. Bxd5 Bxd5 26. Nxa4 Qc6 27. f3 Rb4 28.
Nc5 Rfb8 29. Rab1 Qb5 30. Rd2 Qa5 31. Qc1 Bxc5 32. dxc5 Qxa2 33. Ra1 Qb3 34. Ra3
Qxa3 35. bxa3 Rb1 36. Rc2 Rxc1+ 37. Bxc1 Rb5 38. Be3 Rb3 39. Bc1 Kf8 40. Kf2 Ke7
41. c6 Rb6 42. Bd2 Rxc6 43. Bb4+ Ke8 44. Ke3 h5 45. h4 Rb6 46. Kd4 Kd7 47. Rf2
Rb8 48. Rb2 Kc6 49. f4 Rd8 50. g3 Bg2+ 51. Ke3 Rd3+ 52. Kf2 Bd5 53. Rd2 Rf3+ 54.
Kg2 Rb3+ 55. Kf2 Kb5 56. Rc2 Rf3+ 57. Ke2 Rxg3 58. Rc1 Rg4 59. Rb1 Be4 60. Rd1
Bd3+ 61. Ke3 Rxh4 62. Rg1 g6 63. Be7 Rh2 64. Kd4 Ka4 65. Kc3 Rc2+ 66. Kd4 Rf2
67. Kc3 Rxf4 68. Rg2 Rf3 69. Rb2 Bf1+ 70. Kd4 c3 71. Rb4+ Kxa3 72. Ke4 Rf2 73.
Bc5 Rb2 74. Rb7+ Ka2 75. Rxc7 c2 76. Bd4 Kb1 77. Bxb2 Kxb2 78. Rb7+ Kc3 79. Rc7+
Bc4 0-1

[Event "TCh-FRA Top 16 GpB 2023"]
[Site "Chartres FRA"]
[Date "2023.06.05"]
[Round "5.1"]
[Board "1"]
[White "Bluebaum, Matthias"]
[Black "Maghsoodloo, Parham"]
[Result "1/2-1/2"]
[WhiteTitle "GM"]
[BlackTitle "GM"]
[WhiteElo "2672"]
[BlackElo "2716"]
[WhiteTeam "Mulhouse Philidor"]
[BlackTeam "Clichy Echecs 92"]
[WhiteFideId "24651516"]
[BlackFideId "12539929"]
[EventDate "2023.06.01"]

1. d4 d5 2. c4 e6 3. Nf3 Nf6 4. g3 Be7 5. Bg2 O-O 6. O-O c6 7. Nc3 a5 8. Re1
Nbd7 9. Nd2 e5 10. dxe5 Nxe5 11. cxd5 Nxd5 12. Nxd5 cxd5 13. Nf3 Nxf3+ 14. Bxf3
Be6 15. Be3 Rc8 16. Qd3 Bf6 17. Red1 Bxb2 18. Rab1 d4 19. Bxd4 1/2-1/2

[Event "TCh-FRA Top 16 GpB 2023"]
[Site "Chartres FRA"]
[Date "2023.06.05"]
[Round "5.1"]
[Board "2"]
[White "Van Foreest, Jorden"]
[Black "Nihal, Sarin"]
[Result "1/2-1/2"]
[WhiteTitle "GM"]
[BlackTitle "GM"]
[WhiteElo "2695"]
[BlackElo "2681"]
[WhiteTeam "Clichy Echecs 92"]
[BlackTeam "Mulhouse Philidor"]
[WhiteFideId "1039784"]
[BlackFideId "25092340"]
[EventDate "2023.06.01"]

1. e4 e5 2. Nf3 Nc6 3. Bb5 a6 4. Ba4 Nf6 5. O-O Be7 6. d3 b5 7. Bb3 d6 8. a3 O-O
9. Nc3 Na5 10. Ba2 Be6 11. Bxe6 fxe6 12. b4 Nc6 13. Ne2 h6 14. Ng3 a5 15. Bd2
axb4 16. axb4 d5 17. Qb1 Qd7 18. Qb3 Kh7 19. h3 Bd6 20. Rae1 d4 21. Ra1 Qe7 22.
c4 dxc3 23. Qxc3 Nxb4 24. Nxe5 c5 25. Nf3 Rxa1 26. Rxa1 Bxg3 27. fxg3 Rd8 28.
Ne5 Qd6 29. Nf7 Qd4+ 30. Qxd4 Rxd4 31. Bxb4 cxb4 32. Ne5 Nd7 1/2-1/2

[Event "TCh-FRA Top 16 GpB 2023"]
[Site "Chartres FRA"]
[Date "2023.06.05"]
[Round "5.1"]
[Board "3"]
[White "Narayanan, S.L."]
[Black "Amin, Bassem"]
[Result "1/2-1/2"]
[WhiteTitle "GM"]
[BlackTitle "GM"]
[WhiteElo "2657"]
[BlackElo "2690"]
[WhiteTeam "Mulhouse Philidor"]
[BlackTeam "Clichy Echecs 92"]
[WhiteFideId "5058422"]
[BlackFideId "10601457"]
[EventDate "2023.06.01"]

1. c4 e5 2. Nc3 Nc6 3. Nf3 Nf6 4. g3 g6 5. d4 exd4 6. Nxd4 Bg7 7. Bg2 O-O 8.
Nxc6 dxc6 9. O-O Be6 10. b3 a5 11. Bb2 Re8 12. Na4 Bf5 13. Re1 h5 14. Qc1 Qd6
15. Ba3 Qe5 16. Bb2 Qd6 17. Ba3 1/2-1/2

[Event "TCh-FRA Top 16 GpB 2023"]
[Site "Chartres FRA"]
[Date "2023.06.05"]
[Round "5.1"]
[Board "4"]
[White "Gharamian, Tigran"]
[Black "Sokolov, Andrei1"]
[Result "1/2-1/2"]
[WhiteTitle "GM"]
[BlackTitle "GM"]
[WhiteElo "2601"]
[BlackElo "2464"]
[WhiteTeam "Clichy Echecs 92"]
[BlackTeam "Mulhouse Philidor"]
[WhiteFideId "13301527"]
[BlackFideId "627089"]
[EventDate "2023.06.01"]

1. e4 c5 2. Nf3 e6 3. c3 Nf6 4. e5 Nd5 5. Bc4 d6 6. d4 cxd4 7. cxd4 Be7 8. O-O
O-O 9. Qe2 Bd7 10. Nc3 Nxc3 11. bxc3 Nc6 12. exd6 Bxd6 13. Bd3 Ne7 14. Ng5 h6
15. Ne4 Bc6 16. Nxd6 1/2-1/2

[Event "TCh-FRA Top 16 GpB 2023"]
[Site "Chartres FRA"]
[Date "2023.06.05"]
[Round "5.1"]
[Board "5"]
[White "Terrieux, Kevin"]
[Black "Hamdouchi, Hicham"]
[Result "1/2-1/2"]
[WhiteTitle "IM"]
[BlackTitle "GM"]
[WhiteElo "2446"]
[BlackElo "2526"]
[WhiteTeam "Mulhouse Philidor"]
[BlackTeam "Clichy Echecs 92"]
[WhiteFideId "622591"]
[BlackFideId "9000011"]
[EventDate "2023.06.01"]

1. e4 c5 2. Nc3 Nc6 3. Bb5 Nd4 4. Nf3 a6 5. Bd3 Nc6 6. O-O d6 7. Re1 Nf6 8. Bf1
Bg4 9. h3 Bxf3 10. Qxf3 g6 11. Nd5 Nd7 12. d3 e6 13. Ne3 Bg7 14. c3 O-O 15. Nc2
Rc8 16. Qd1 Qb6 17. Ne3 Qc7 18. a4 Rfe8 19. Bd2 b5 20. axb5 axb5 21. Ng4 Nf6 1/2-1/2

[Event "TCh-FRA Top 16 GpB 2023"]
[Site "Chartres FRA"]
[Date "2023.06.05"]
[Round "5.1"]
[Board "6"]
[White "Tregubov, Pavel V."]
[Black "Burri, Quentin"]
[Result "1-0"]
[WhiteTitle "GM"]
[BlackTitle "IM"]
[WhiteElo "2553"]
[BlackElo "2403"]
[WhiteTeam "Clichy Echecs 92"]
[BlackTeam "Mulhouse Philidor"]
[WhiteFideId "4115341"]
[BlackFideId "26028654"]
[EventDate "2023.06.01"]

1. d4 d5 2. c4 c6 3. Nf3 Nf6 4. e3 e6 5. Bd3 Nbd7 6. O-O a6 7. b3 Be7 8. Nbd2
dxc4 9. bxc4 c5 10. e4 cxd4 11. e5 Ng8 12. Ne4 Nc5 13. Nxc5 Bxc5 14. Ng5 Be7 15.
h4 Bxg5 16. Bxg5 Ne7 17. Qg4 Bd7 18. Be4 Bc6 19. Bxc6+ bxc6 20. Rab1 h6 21. Bxe7
Qxe7 22. Qxg7 O-O-O 23. Rb6 Rhg8 24. Qh7 Kc7 25. Rfb1 Rb8 26. c5 Rgd8 27. Qc2
Rxb6 28. Rb2 Rb5 29. Rxb5 d3 30. Rb6 Qxc5 31. Qb3 Kc8 32. Rb8+ Kd7 33. Qxd3+ Qd5
34. Rb7+ Ke8 35. Qh7 Rd7 36. Qh8+ Ke7 37. Qf6+ Ke8 38. Rb3 c5 39. Rg3 Re7 40.
Qh8+ Kd7 41. Qb8 Kc6 42. Qc8+ Kb5 43. Rb3+ Ka5 44. Qb8 1-0

[Event "TCh-FRA Top 16 GpB 2023"]
[Site "Chartres FRA"]
[Date "2023.06.05"]
[Round "5.1"]
[Board "8"]
[White "Broly, Mathilde"]
[Black "Navrotescu, Andreea"]
[Result "0-1"]
[WhiteTitle "WFM"]
[BlackTitle "WGM"]
[WhiteElo "2113"]
[BlackElo "2194"]
[WhiteTeam "Clichy Echecs 92"]
[BlackTeam "Mulhouse Philidor"]
[WhiteFideId "20682794"]
[BlackFideId "675946"]
[EventDate "2023.06.01"]

1. c4 e5 2. Nc3 Nc6 3. Nf3 f5 4. d3 Nf6 5. g3 Bb4 6. Bd2 d6 7. Bg2 O-O 8. O-O
Bxc3 9. Bxc3 Qe8 10. Nd2 f4 11. Ne4 Ng4 12. h3 Nh6 13. e3 Nf5 14. Bd2 Qg6 15.
Kh2 Be6 16. Qc1 f3 17. Bxf3 Nh4 18. Be2 Nf3+ 19. Bxf3 Rxf3 20. Kg2 Raf8 21. Be1
Ne7 22. Nd2 Qxd3 23. Qb1 Qe2 24. Qe4 Bd7 25. Qb1 Nf5 26. Nxf3 Nxe3+ 27. Kh2 Qxf1
28. fxe3 Rxf3 29. Qc2 Qxh3+ 0-1

[Event "TCh-FRA Top 16 GpB 2023"]
[Site "Chartres FRA"]
[Date "2023.06.05"]
[Round "5.2"]
[Board "1"]
[White "Saric, Ivan"]
[Black "Oparin, Grigoriy"]
[Result "1/2-1/2"]
[WhiteTitle "GM"]
[BlackTitle "GM"]
[WhiteElo "2670"]
[BlackElo "2687"]
[WhiteTeam "Grasse Echecs"]
[BlackTeam "Asnieres Le Grand Echiquier"]
[WhiteFideId "14508150"]
[BlackFideId "24125890"]
[EventDate "2023.06.01"]

1. e4 e5 2. Nf3 Nc6 3. Bb5 Nf6 4. d3 Bc5 5. Bxc6 dxc6 6. O-O Bg4 7. Nbd2 Nd7 8.
h3 Bh5 9. Nc4 f6 10. Bd2 Nf8 11. b4 Be7 12. Na5 Rb8 13. Rb1 Ne6 14. Be3 a6 15.
c3 O-O 16. Qb3 Qd7 17. d4 Bxf3 18. gxf3 Kh8 19. Kg2 exd4 20. cxd4 Bd6 21. Nc4
Bf4 22. Rfd1 Rbe8 23. h4 f5 24. d5 fxe4 25. dxe6 exf3+ 26. Kxf3 Qxe6 27. Ke2 b5
28. Nb2 Qg4+ 29. Kd2 Qxh4 30. Nd3 Bxe3+ 31. fxe3 Qh2+ 32. Kc1 Rxe3 33. Rb2 Qg3
34. Rbd2 h5 35. Qb2 Qg5 36. Kb1 h4 37. Rh1 h3 38. Nc5 a5 39. Qd4 axb4 40. Ne4
Qh6 41. Rd3 Rxd3 42. Qxd3 Kg8 43. Rxh3 Qe6 44. Rh5 Qc4 45. Qxc4+ bxc4 46. Rc5
Rf1+ 47. Kc2 b3+ 48. axb3 cxb3+ 49. Kxb3 Rf4 50. Ng5 Rf6 51. Re5 g6 52. Re7 Rf5
53. Ne6 Re5 54. Rg7+ Kh8 55. Rxg6 Kh7 56. Nf8+ Kh8 57. Kc4 Rf5 58. Ne6 Kh7 59.
Rg7+ Kh6 60. Kd4 Rd5+ 61. Ke4 Rd6 62. Re7 Kg6 63. Nf4+ Kf6 64. Rxc7 Rd1 65.
Rxc6+ Ke7 66. Ng6+ Kd7 67. Ne5+ Ke7 68. Nf3 1/2-1/2

[Event "TCh-FRA Top 16 GpB 2023"]
[Site "Chartres FRA"]
[Date "2023.06.05"]
[Round "5.2"]
[Board "2"]
[White "Esipenko, Andrey"]
[Black "Parligras, Mircea-Emilian"]
[Result "1-0"]
[WhiteTitle "GM"]
[BlackTitle "GM"]
[WhiteElo "2682"]
[BlackElo "2556"]
[WhiteTeam "Asnieres Le Grand Echiquier"]
[BlackTeam "Grasse Echecs"]
[WhiteFideId "24175439"]
[BlackFideId "1204297"]
[EventDate "2023.06.01"]

1. d4 Nf6 2. c4 e6 3. Nf3 d5 4. g3 Bb4+ 5. Bd2 Be7 6. Bg2 O-O 7. O-O c6 8. Qc2
Nbd7 9. Rd1 b6 10. Bc3 Bb7 11. Nbd2 c5 12. dxc5 Bxc5 13. b4 Be7 14. Qb2 Rc8 15.
Ne5 Rc7 16. a4 Nxe5 17. Bxe5 Rd7 18. b5 Qa8 19. Nf3 Rc8 20. cxd5 Rxd5 21. Rdc1
Rxc1+ 22. Rxc1 Qd8 23. Qa1 Rc5 24. Rd1 Qc8 25. Bb2 Qa8 26. Ba3 Rc7 27. Bxe7 Rxe7
28. a5 bxa5 29. Qa2 a4 30. Qxa4 Rd7 31. Qa5 Bc6 32. Ra1 Bxf3 33. Bxf3 Qb8 34.
Bc6 Rc7 35. Rd1 h5 36. h3 Qc8 37. Qd2 Qf8 38. e4 e5 39. Kg2 Rc8 40. f4 Qe7 41.
Qd6 Qxd6 42. Rxd6 exf4 43. gxf4 Ne8 44. Rd7 a6 45. Bd5 Nf6 46. Bxf7+ Kf8 47. Ra7
axb5 48. e5 Ng8 49. Be6 Rc2+ 50. Kf3 Nh6 51. f5 Rc6 52. Bd5 Rc1 53. e6 Rc8 54.
Kf4 b4 55. e7+ 1-0

[Event "TCh-FRA Top 16 GpB 2023"]
[Site "Chartres FRA"]
[Date "2023.06.05"]
[Round "5.2"]
[Board "3"]
[White "Lupulescu, Constantin"]
[Black "Harikrishna, Pentala"]
[Result "0-1"]
[WhiteTitle "GM"]
[BlackTitle "GM"]
[WhiteElo "2573"]
[BlackElo "2704"]
[WhiteTeam "Grasse Echecs"]
[BlackTeam "Asnieres Le Grand Echiquier"]
[WhiteFideId "1207822"]
[BlackFideId "5007003"]
[EventDate "2023.06.01"]

1. d4 Nf6 2. c4 e6 3. Nc3 Bb4 4. Qc2 O-O 5. Nf3 d5 6. a3 Bxc3+ 7. Qxc3 c5 8.
dxc5 Ne4 9. Qc2 a5 10. e3 Nd7 11. Be2 Ndxc5 12. b3 a4 13. b4 Nb3 14. Rb1 b6 15.
Nd4 Bb7 16. Bd3 e5 17. Nf3 Nf6 18. Nxe5 dxc4 19. Bxc4 Be4 20. Bd3 Rc8 21. Bxe4
Rxc2 22. Bxc2 Qc7 23. Bxb3 Qxe5 24. Bxa4 Qc3+ 25. Bd2 Qd3 26. Rd1 b5 0-1

[Event "TCh-FRA Top 16 GpB 2023"]
[Site "Chartres FRA"]
[Date "2023.06.05"]
[Round "5.2"]
[Board "4"]
[White "Moussard, Jules"]
[Black "Loiseau, Quentin"]
[Result "1-0"]
[WhiteTitle "GM"]
[BlackTitle "IM"]
[WhiteElo "2655"]
[BlackElo "2464"]
[WhiteTeam "Asnieres Le Grand Echiquier"]
[BlackTeam "Grasse Echecs"]
[WhiteFideId "642908"]
[BlackFideId "665274"]
[EventDate "2023.06.01"]

1. e4 e5 2. Nf3 Nc6 3. Bb5 a6 4. Ba4 Nf6 5. O-O Be7 6. d3 b5 7. Bb3 d6 8. c3 O-O
9. h3 Na5 10. Bc2 c5 11. d4 cxd4 12. cxd4 exd4 13. Nxd4 Re8 14. Re1 Bb7 15. Nc3
Rc8 16. Nf5 Bf8 17. a3 d5 18. e5 Ne4 19. Qg4 Kh8 20. Bxe4 dxe4 21. Rd1 Qb6 22.
Be3 Qc6 23. Rd6 Qc4 24. Rd4 Qe6 25. Nxe4 Nc6 26. Ned6 Nxe5 27. Qf4 Ng6 28. Qg3
Ba8 29. Nxe8 Qxf5 30. Nd6 Bxd6 31. Qxd6 h6 32. Qxa6 Kh7 33. Rc1 Rxc1+ 34. Bxc1
Be4 35. Qd6 Nh4 36. Qf4 Qxf4 37. Bxf4 Bc6 38. Bd2 g5 39. f3 1-0

[Event "TCh-FRA Top 16 GpB 2023"]
[Site "Chartres FRA"]
[Date "2023.06.05"]
[Round "5.2"]
[Board "5"]
[White "Sochacki, Christophe"]
[Black "Cornette, Matthieu"]
[Result "1/2-1/2"]
[WhiteTitle "GM"]
[BlackTitle "GM"]
[WhiteElo "2450"]
[BlackElo "2578"]
[WhiteTeam "Grasse Echecs"]
[BlackTeam "Asnieres Le Grand Echiquier"]
[WhiteFideId "662569"]
[BlackFideId "620084"]
[EventDate "2023.06.01"]

1. e4 c5 2. Nf3 Nc6 3. Bb5 e6 4. O-O Nge7 5. Re1 a6 6. Bf1 Ng6 7. d4 cxd4 8.
Nxd4 Bc5 9. Be3 Nxd4 10. Bxd4 Qb6 11. Bxc5 Qxc5 12. Nd2 O-O 13. Nb3 Qe5 14. Qd4
Qxd4 15. Nxd4 d6 16. Rad1 Rd8 17. Re3 e5 18. Nb3 Be6 19. Red3 Rac8 20. c3 Bxb3
21. axb3 Rc6 22. Rd5 Kf8 23. b4 Ke7 24. g3 Nf8 25. f3 Ne6 26. Kf2 g6 27. R1d2
Nc7 28. R5d3 Ra8 29. f4 f6 30. h4 a5 31. fxe5 fxe5 32. bxa5 Rxa5 33. Rf3 Ne6 34.
Ke3 Rc8 35. Rdf2 Rf8 36. Rxf8 Nxf8 37. Bc4 Ne6 38. Bd5 b6 39. Kd3 Nc5+ 40. Kc4
Nxe4 41. Bxe4 d5+ 42. Bxd5 Rc5+ 43. Kd3 Rxd5+ 44. Ke4 Rc5 45. Rd2 Ke6 46. Rd8
Rc4+ 47. Kf3 h5 48. Rg8 Kf5 49. Rf8+ Ke6 50. Rb8 Rc6 51. Ke4 Rc4+ 52. Kf3 Rc6
53. Ke4 1/2-1/2

[Event "TCh-FRA Top 16 GpB 2023"]
[Site "Chartres FRA"]
[Date "2023.06.05"]
[Round "5.2"]
[Board "6"]
[White "Pelletier, Yannick"]
[Black "Demuth, Adrien"]
[Result "1/2-1/2"]
[WhiteTitle "GM"]
[BlackTitle "GM"]
[WhiteElo "2511"]
[BlackElo "2485"]
[WhiteTeam "Asnieres Le Grand Echiquier"]
[BlackTeam "Grasse Echecs"]
[WhiteFideId "1301837"]
[BlackFideId "642274"]
[EventDate "2023.06.01"]

1. d4 d6 2. Nf3 g6 3. e4 Bg7 4. c4 Bg4 5. Be2 Nc6 6. Be3 Bxf3 7. Bxf3 e5 8. d5
Nd4 9. Nc3 Ne7 10. Nb5 Nxf3+ 11. Qxf3 O-O 12. O-O f5 13. Rfc1 c5 14. a3 fxe4 15.
Qg4 Nf5 16. Nc3 Bh6 17. Re1 Bxe3 18. fxe3 Kg7 19. Nxe4 h6 20. Rab1 b6 21. g3 Rf7
22. Qe2 Qd7 23. Rf1 Raf8 24. Rf2 Ne7 25. Rbf1 Rxf2 26. Rxf2 Rxf2 27. Qxf2 Ng8
28. Qf3 Qe7 29. Qg4 Nf6 30. Nxf6 Qxf6 31. Qd7+ Kg8 32. Qc8+ Kf7 33. Kg2 g5 34.
Qd7+ Kg6 35. Qe8+ Kf5 36. Qa4 Ke4 37. Qc2+ Kxe3 38. Qc3+ Ke2 39. Qc2+ Ke1 40.
Qc1+ Ke2 41. Qc2+ Ke3 42. Qc3+ Ke4 1/2-1/2

[Event "TCh-FRA Top 16 GpB 2023"]
[Site "Chartres FRA"]
[Date "2023.06.05"]
[Round "5.2"]
[Board "7"]
[White "Milliet, Sophie"]
[Black "Degraeve, Jean-Marc"]
[Result "1-0"]
[WhiteTitle "IM"]
[BlackTitle "GM"]
[WhiteElo "2384"]
[BlackElo "2463"]
[WhiteTeam "Grasse Echecs"]
[BlackTeam "Asnieres Le Grand Echiquier"]
[WhiteFideId "623725"]
[BlackFideId "600270"]
[EventDate "2023.06.01"]

1. d4 Nf6 2. c4 g6 3. Nc3 Bg7 4. e4 d6 5. Nf3 O-O 6. Be2 Bg4 7. Be3 Nfd7 8. Ng1
Bxe2 9. Ngxe2 c5 10. d5 Na6 11. O-O Nc7 12. h3 a6 13. a4 b6 14. Qd2 Rb8 15. Bh6
b5 16. Bxg7 Kxg7 17. cxb5 axb5 18. a5 Nf6 19. Ng3 b4 20. Nd1 Nb5 21. Ne3 Nd4 22.
Qd3 Qd7 23. Nc4 Qb5 24. Ne2 Nxe2+ 25. Qxe2 Qa6 26. b3 Ne8 27. f4 Rd8 28. f5 Nf6
29. Rf4 Nd7 30. Raf1 Ne5 31. fxg6 hxg6 32. Qf2 1-0

[Event "TCh-FRA Top 16 GpB 2023"]
[Site "Chartres FRA"]
[Date "2023.06.05"]
[Round "5.2"]
[Board "8"]
[White "Guichard, Pauline"]
[Black "Barbot, Pierre1"]
[Result "0-1"]
[WhiteTitle "IM"]
[BlackTitle "IM"]
[WhiteElo "2395"]
[BlackElo "2458"]
[WhiteTeam "Asnieres Le Grand Echiquier"]
[BlackTeam "Grasse Echecs"]
[WhiteFideId "639370"]
[BlackFideId "663727"]
[EventDate "2023.06.01"]

1. d4 Nf6 2. c4 e6 3. Nf3 d5 4. Nc3 c6 5. e3 Nbd7 6. Qc2 Bd6 7. Bd3 O-O 8. O-O
dxc4 9. Bxc4 e5 10. h3 Qe7 11. Bb3 b5 12. a3 a6 13. e4 Bb7 14. Re1 c5 15. Nd5
Bxd5 16. Bxd5 Rac8 17. dxc5 Rxc5 18. Qd3 Nxd5 19. exd5 Nb6 20. Bg5 f6 21. Be3
Rxd5 22. Qb3 Nc4 23. Nd2 Nxe3 24. Rxe3 Qf7 25. Ne4 Be7 26. a4 b4 27. Rc1 Rfd8
28. Ree1 f5 29. Ng3 Bc5 30. Nf1 Bxf2+ 31. Kxf2 Rd2+ 32. Nxd2 Rxd2+ 33. Ke3 Qxb3+
34. Kxd2 Qxb2+ 35. Rc2 Qd4+ 36. Kc1 b3 37. Rc8+ Kf7 38. g4 Qf4+ 39. Kb1 Qf2 40.
Rc7+ Kf6 0-1

[Event "TCh-FRA Top 16 GpB 2023"]
[Site "Chartres FRA"]
[Date "2023.06.05"]
[Round "5.3"]
[Board "1"]
[White "Visakh, N R"]
[Black "Santos Latasa, Jaime"]
[Result "0-1"]
[WhiteTitle "GM"]
[BlackTitle "GM"]
[WhiteElo "2542"]
[BlackElo "2653"]
[WhiteTeam "Metz Fischer"]
[BlackTeam "Marseille Echecs"]
[WhiteFideId "25012223"]
[BlackFideId "2293307"]
[EventDate "2023.06.01"]

1. d4 Nf6 2. c4 e6 3. Nf3 d5 4. g3 Bb4+ 5. Bd2 Be7 6. Bg2 Nbd7 7. Qc2 c6 8. O-O
O-O 9. Rc1 a5 10. a4 Ne4 11. Ne1 Nxd2 12. Nxd2 Nb8 13. e3 Na6 14. Nd3 Nb4 15.
Nxb4 Bxb4 16. Nf3 Bd7 17. Ne1 Qe7 18. Nd3 Bd6 19. e4 dxc4 20. Qxc4 e5 21. dxe5
Bxe5 22. Nxe5 Qxe5 23. Qc3 Qe7 24. f4 Rfd8 25. Bf3 g6 26. Rd1 Be6 27. Rac1 Qb4
28. Qf6 Qb6+ 29. Kg2 Bb3 30. Rxd8+ Rxd8 31. Qc3 Qb4 32. Qxb4 axb4 33. a5 Rd2+
34. Kh3 Rxb2 35. Bg4 Bc2 0-1

[Event "TCh-FRA Top 16 GpB 2023"]
[Site "Chartres FRA"]
[Date "2023.06.05"]
[Round "5.3"]
[Board "2"]
[White "Banusz, Tamas"]
[Black "Bailet, Pierre"]
[Result "1/2-1/2"]
[WhiteTitle "GM"]
[BlackTitle "GM"]
[WhiteElo "2614"]
[BlackElo "2513"]
[WhiteTeam "Marseille Echecs"]
[BlackTeam "Metz Fischer"]
[WhiteFideId "722413"]
[BlackFideId "655830"]
[EventDate "2023.06.01"]

1. Nf3 Nf6 2. g3 d5 3. Bg2 e6 4. O-O Be7 5. c4 O-O 6. b3 c5 7. cxd5 Nxd5 8. Bb2
Nc6 9. d4 cxd4 10. Nxd4 Bd7 11. Na3 Nxd4 12. Qxd4 Bf6 13. Qd2 Bc6 14. Rfd1 Qe7
15. Bxf6 Qxf6 16. Bxd5 Rfd8 17. Qf4 Qxf4 18. gxf4 Rxd5 19. Rxd5 Bxd5 20. Rc1 Kf8
21. f3 Rd8 22. Kf2 Bc6 23. Rc2 Rd4 24. e3 Rd1 25. Nc4 Rh1 26. Kg2 Re1 27. Ne5
Ke7 28. e4 Ra1 29. a4 Rb1 30. Rc3 f5 31. Nxc6+ bxc6 32. exf5 exf5 33. Rxc6 Rxb3
34. Rc7+ Kf6 35. Rxa7 Kg6 36. a5 Ra3 37. a6 Ra4 38. Kg3 Ra2 39. h3 Kf6 40. Ra8
Kg6 41. h4 h5 42. a7 Kf7 43. Rh8 Rxa7 44. Rxh5 Kf6 45. Rh8 Ra1 46. h5 Rh1 47.
Kf2 Rh2+ 48. Ke3 Rh1 49. Kf2 Rh2+ 50. Ke3 Rh1 1/2-1/2

[Event "TCh-FRA Top 16 GpB 2023"]
[Site "Chartres FRA"]
[Date "2023.06.05"]
[Round "5.3"]
[Board "3"]
[White "Lazarev, Vladimir"]
[Black "Laurent-Paoli, Pierre"]
[Result "1/2-1/2"]
[WhiteTitle "GM"]
[BlackTitle "IM"]
[WhiteElo "2496"]
[BlackElo "2552"]
[WhiteTeam "Metz Fischer"]
[BlackTeam "Marseille Echecs"]
[WhiteFideId "4113250"]
[BlackFideId "26017962"]
[EventDate "2023.06.01"]

1. Nf3 Nf6 2. c4 e6 3. d4 Bb4+ 4. Bd2 Be7 5. Nc3 O-O 6. Qc2 d5 7. Bg5 h6 8. Bh4
Nbd7 9. cxd5 exd5 10. e3 c6 11. Bd3 Re8 12. Bg3 Nh5 13. Be5 Nhf6 14. Bg3 Nh5 15.
Be5 Nxe5 16. Bh7+ Kf8 17. Nxe5 Nf6 18. Bd3 Ng4 19. Nf3 Bd6 20. h3 Nf6 21. O-O-O
b5 22. Kb1 a5 23. g4 a4 24. g5 hxg5 25. Nxg5 Qa5 26. Ne2 Bd7 27. Bf5 Qd8 28.
Rhg1 b4 29. Bxd7 Qxd7 30. Nh7+ Nxh7 31. Qxh7 g6 32. Qh8+ Ke7 33. Qh4+ Kf8 34.
Qh8+ Ke7 35. Qh7 Kf8 36. e4 Qe6 37. e5 Bc7 38. Rg5 Bd6 39. Rgg1 Qd7 1/2-1/2

[Event "TCh-FRA Top 16 GpB 2023"]
[Site "Chartres FRA"]
[Date "2023.06.05"]
[Round "5.3"]
[Board "4"]
[White "Degraeve, Remy"]
[Black "Ganguly, Surya Shekhar"]
[Result "1/2-1/2"]
[WhiteTitle "IM"]
[BlackTitle "GM"]
[WhiteElo "2445"]
[BlackElo "2587"]
[WhiteTeam "Marseille Echecs"]
[BlackTeam "Metz Fischer"]
[WhiteFideId "26024560"]
[BlackFideId "5002150"]
[EventDate "2023.06.01"]

1. e4 e5 2. Nf3 Nc6 3. Bc4 Bc5 4. c3 Nf6 5. d3 d6 6. O-O a5 7. Re1 Ba7 8. h3 h6
9. Na3 g5 10. Nb5 Bb6 11. Nh2 a4 12. d4 Bd7 13. Be3 Kf8 14. dxe5 Bxe3 15. Rxe3
Nxe5 16. Be2 Bxb5 17. Bxb5 a3 18. b4 h5 19. Nf3 g4 20. Nd4 gxh3 21. gxh3 Rg8+
22. Kf1 c6 23. Be2 d5 24. exd5 Qxd5 25. Nf3 Nc4 26. Bxc4 Qxc4+ 27. Qd3 Qxd3+ 28.
Rxd3 Nd5 29. Re1 Rg6 30. Re5 Rf6 1/2-1/2

[Event "TCh-FRA Top 16 GpB 2023"]
[Site "Chartres FRA"]
[Date "2023.06.05"]
[Round "5.3"]
[Board "5"]
[White "Postny, Evgeny"]
[Black "Kunin, Vitaly"]
[Result "1/2-1/2"]
[WhiteTitle "GM"]
[BlackTitle "GM"]
[WhiteElo "2549"]
[BlackElo "2525"]
[WhiteTeam "Metz Fischer"]
[BlackTeam "Marseille Echecs"]
[WhiteFideId "2804344"]
[BlackFideId "4128737"]
[EventDate "2023.06.01"]

1. d4 Nf6 2. c4 e6 3. Nf3 Bb4+ 4. Nbd2 b6 5. a3 Bxd2+ 6. Qxd2 Bb7 7. e3 d6 8.
Be2 Nbd7 9. O-O O-O 10. b4 a5 11. Bb2 Qe7 12. Qc2 h6 13. Rfd1 Ra7 14. Bc3 axb4
15. axb4 Rfa8 16. Rxa7 Rxa7 17. Ra1 Rxa1+ 18. Bxa1 Qd8 19. Qa2 Qa8 20. Qxa8+
Bxa8 21. Nd2 Kf8 22. f3 c5 23. Bc3 Ke7 24. Kf2 e5 25. bxc5 bxc5 26. d5 Bb7 27.
Ba5 Bc8 28. Nb1 Nf8 29. Nc3 Bd7 30. e4 Ne8 31. Bd3 g6 32. Ne2 Ng7 33. Bd2 g5 34.
h4 f6 35. g3 Ng6 36. hxg5 hxg5 37. Nc3 Nh8 38. Nd1 Nf7 39. Ne3 Nh6 40. Bc2 Nf7
41. Bc1 Nh6 42. Nd1 Nf7 43. Ne3 1/2-1/2